|
|
|
|
| LEADER |
00000nam0a2200000 4500 |
| 001 |
19271 |
| 005 |
20251029172053.0 |
| 010 |
|
|
|a 5250009735
|
| 035 |
|
|
|a (RuTPU)RU\TPU\book\19432
|
| 035 |
|
|
|a BOOK00004120
|
| 090 |
|
|
|a 19271
|
| 100 |
|
|
|a 20011209d1990 km y0rusy50 ca
|
| 101 |
0 |
|
|a rus
|
| 102 |
|
|
|a RU
|
| 105 |
|
|
|a a z 000zy
|
| 200 |
1 |
|
|a Как была крещена Русь
|f Б. В. Раушенбах [и др.]
|
| 205 |
|
|
|a 2-е изд.
|
| 210 |
|
|
|a Москва
|c Политиздат
|d 1989
|
| 215 |
|
|
|a 320 с.
|c ил.
|
| 330 |
|
|
|a Читателю предлагается яркий, увлекательный рассказ о трудном и во многом еще загадочном периоде, когда христианство стало официальной религией русского государства. На широком фоне эпохи очерчены выдающиеся деятели Киевской Руси: князья Святослав, Ольга, Владимир, воеводы Добрыня, Свенельд и др. Читатель может также обратиться непосредственно к первоисточнику - "Повести временных лет", фрагмент которой включен в сборник. Здесь же помещены специальные работы ученых СССР, ГДР, ПНР. Эти исследования помогут, хотя бы в общих чертах, увидеть международные связи Древней Руси.
|
| 606 |
|
|
|a Крещение Руси
|9 81684
|
| 610 |
1 |
|
|a религия
|
| 610 |
1 |
|
|a история
|
| 610 |
1 |
|
|a христианство
|
| 610 |
1 |
|
|a Древняя Русь
|
| 610 |
1 |
|
|a 7 век
|
| 610 |
1 |
|
|a 8 век
|
| 610 |
1 |
|
|a 9 век
|
| 610 |
1 |
|
|a 10 век
|
| 610 |
1 |
|
|a 11 век
|
| 610 |
1 |
|
|a 12 век
|
| 610 |
1 |
|
|a 13 век
|
| 610 |
1 |
|
|a 14 век
|
| 686 |
|
|
|a Т3(2)41
|2 rubbk
|
| 701 |
|
1 |
|a Раушенбах
|b Б. В.
|
| 701 |
|
1 |
|a Поппэ
|b А.
|
| 701 |
|
1 |
|a Херрман
|b Й.
|
| 701 |
|
1 |
|a Литаврин
|b Г. Г.
|
| 801 |
|
0 |
|a RU
|b 63413507
|c 20011209
|g PSBO
|
| 801 |
|
2 |
|a RU
|b 63413507
|c 20160218
|g PSBO
|
| 942 |
|
|
|c BK
|